000 00321nam a22001457a 4500
008 210507b ||||| |||| 00| 0 eng d
020 _a9780195182484
041 _aeng
080 _a591
082 _a591
100 _a7
101 _aZOO
245 _aBrief History of the Mind
_cWilliam H. Calvin
942 _2udc
_cBK
999 _c57136
_d57136